The Donne Dalhousie discovery : proceedings of a symposium on the acquisition and study of the John Donne and Joseph Conrad collections at Texas Tech University /

Bibliographic Details
Corporate Authors: Donne Dalhousie Symposium Lubbock, Tex., Texas Tech University. Library. Special Collections
Other Authors: Sullivan, Ernest W., Murrah, David J.
Format: Conference Proceeding Book
Language:English
Published: Lubbock : The Friends of the University Library/Southwest Collection, Texas Tech University, 1987.
Subjects:

MARC

Tag First Indicator Second Indicator Subfields
LEADER 00000cam a2200000 a 4500
001 in00000012809
005 20151007051916.0
008 880331s1987 txu b s10010 eng d
035 |a (OCoLC)17718839 
035 |9 AAA5385AM 
040 |a TXA  |c TXA  |d ILU  |d TXA  |d UtOrBLW 
049 |a TXAM  |c [A11483933] 
050 4 |a PR1171  |b .D14 1984 
111 2 |a Donne Dalhousie Symposium  |d (1984 November 7-8 :  |c Lubbock, Tex.) 
245 1 4 |a The Donne Dalhousie discovery :  |b proceedings of a symposium on the acquisition and study of the John Donne and Joseph Conrad collections at Texas Tech University /  |c edited by Ernest W. Sullivan, II, and David J. Murrah. 
264 1 |a Lubbock :  |b The Friends of the University Library/Southwest Collection, Texas Tech University,  |c 1987. 
300 |a vii, 71 pages ;  |c 23 cm. 
336 |a text  |b txt  |2 rdacontent 
337 |a unmediated  |b n  |2 rdamedia 
338 |a volume  |b nc  |2 rdacarrier 
504 |a Includes bibliographical references. 
600 1 0 |a Donne, John,  |d 1572-1631. 
600 1 0 |a Conrad, Joseph,  |d 1857-1924. 
700 1 |a Sullivan, Ernest W. 
700 1 |a Murrah, David J. 
710 2 |a Texas Tech University.  |b Library.  |b Special Collections. 
740 0 |a Dalhousie MS I. 
740 4 |a The second Dalhousie Manuscript of poems. 
999 |a MARS 
999 f f |s 9bb80071-6fba-3f1b-b91f-8912ee084cfe  |i 7ec5bc9a-d53f-31e4-93fe-25a07523a897  |t 0 
952 f f |p normal  |a Texas A&M University  |b College Station  |c Sterling C. Evans Library  |d Evans: Library Stacks  |t 0  |e PR1171 .D14 1984  |h Library of Congress classification  |i unmediated -- volume  |m A14811483933 
998 f f |a PR1171 .D14 1984  |t 0  |l Evans: Library Stacks